| 000 | 00692nam a2200229 u 4500 | ||
|---|---|---|---|
| 005 | 20240228064058.0 | ||
| 008 | 121019s2003 r 000 0 eng d | ||
| 020 | _a9788431672379 | ||
| 035 | _aUPN01000187785 | ||
| 049 | _aI | ||
| 050 | 4 |
_aPZ74.7 _bD6.3 |
|
| 100 | 1 |
_aDoyle, Malachy, _d1954- _933033 |
|
| 245 | 1 | 3 |
_aEl castillo de Parlotabras / _cMalachy Doyle ; il. Paul Hess. |
| 260 |
_aBarcelona, Esp. : _bVicens Vives, _c2003. |
||
| 300 |
_a39 p. : _bprincipalmente il. col. |
||
| 440 | 0 |
_aPiñata ; _v6 |
|
| 650 | 4 |
_aLITERATURA INFANTIL IRLANDESA _921532 |
|
| 650 | 4 |
_aLibros y lectura para niños _92290 |
|
| 700 | 1 |
_aHess, Paul, _eil. |
|
| 905 | _aInfantil | ||
| 999 |
_c159888 _d159888 |
||